000 00585nam a2200193Ia 4500
003 GCL
008 140319s9999 xx 000 0 ara d
040 _aGCL /
_cGCL
082 0 4 _a891.4
_bط ر
100 1 _aبديع حقى
245 1 0 _aروائع فى المسرح والشعر /
_cبديع حقى
700 1 _aطاغور، رابندرانات
300 _a351 ص
490 _aمكتبة نوبل
_v0
650 0 4 _aالشعر الهندى المترجم
650 0 4 _aالادب الهندى المترجم
650 0 4 _aالادباء الهنديون
942 _2ddc
_cBK
999 _c52335
_d52335